000 00299 a2200145 4500
001 178476
020 _a
040 _cMagnum
100 _aFrança, Mary
240 1 0 _aOs pingos e a chuva
_lpor
245 1 0 _aOs pingos e a chuva
362 0 _a1899
697 _aMAGNITO: I/ANIMAIS
942 _cBK
999 _c178476
_d178476